Obscure Trivia #11 - Statistics

General Stats
  • This quiz has been taken 51 times
  • The average score is 7 of 20
Answer Stats
Question Answer % Correct
When was a fingerprint first used to solve a crime? 1892
83%
How many bones does a typical shark have in its body? 0
67%
What is the earth’s largest desert called? Antarctica
67%
Food prepared en croûte has been … Baked in a pastry crust
67%
Which U.S. state’s cities have hosted the Olympic Games the most times? California
67%
A group of swine is called … A sounder
50%
Traditional mozzarella is made from the milk of … Water buffalo
50%
How many bottles of Heinz Tomato Ketchup are sold in a year? 650 million
33%
The ghost town of Nothing is located in which U.S. state? Arizona
33%
What is the smallest mammal in the world? Bumblebee bat
33%
Kinshasa : Leopoldville :: Ho Chi Minh City : ? Saigon
33%
At one time, Scottish girls believed they would see the face of their future husband if they hung this in front of the fire on Halloween. Wet sheets
33%
In which state can you receive a fine and imprisonment if you substitute margarine for butter in a restaurant without the customer’s knowledge? Wisconsin
33%
An 80-year-old’s heart has beaten about how many times? 3 billion
17%
The United States is called “Usono” in what language? Esperanto
17%
According to Apollo astronauts, what does lunar dust smell like? Spent gunpowder
17%
How many countries use at least one time zone with an offset from Coordinated Universal Time (UTC) that contains a fraction of an hour (e.g., UTC +3:30)? 10
0%
What is arachibutyrophobia a fear of? Getting peanut butter stuck to the roof of the mouth
0%
Which U.S. President prevented football from being banned? Theodore Roosevelt
0%
In which country is the world’s largest active volcano located? United States
0%
No matching quizzes found
Score Distribution
Percent of People with Each Score
Percentile by Number Answered
Your Score History
You have not taken this quiz